| 000 | 00789nam a2200241 i 4500 | ||
|---|---|---|---|
| 001 | 13995 | ||
| 003 | ES-MaACL | ||
| 005 | 20250828001647.0 | ||
| 007 | t| | ||
| 008 | 980827s1997 sp ||||1| spa d | ||
| 020 | _a84-920903-9-1 | ||
| 080 | _a574:37 | ||
| 080 | _a37:574 | ||
| 100 | 1 |
_aSantisteban Cimarro, Aurelio. _9103434 |
|
| 245 | 1 | 4 |
_aLos profesores ante el reto de la educación ambiental / _cAurelio Santisteban Cimarro. |
| 260 |
_aMadrid : _bColegio Oficial de Biólogos : _bECTIAE, _c[1997] |
||
| 300 |
_a320 p. ; _c24 cm. |
||
| 504 | _aBibliografía : p. 241-290. | ||
| 650 | 1 | 7 |
_aEducación ambiental _2embne _912086 |
| 710 | 2 |
_aColegio Oficial de Biólogos. _92961 |
|
| 852 |
_aES-MaACL _jL-21279 _bR.126652 _q. - Ded. autógr. del autor |
||
| 999 |
_c13995 _d13995 |
||